000 00929pam a2200229 a 4500
001 3962854
005 20250123092506.0
008 941214s1995 dcuab b i000 0 eng
020 _a9780821331736
050 0 0 _aRA566.5 .E853
_bH47 1995
082 0 0 _a615.9/02/0947
_220
100 1 _aHertzman, Clyde, 1953-
245 1 0 _aEnvironment and health in central and eastern Europe :
_ba report for the Environmental Action Programme for Central and Eastern Europe /
_cClyde Hertzman ; with contributions by Zoltan Annau ... [et al.].
260 _aWashington, D.C. :
_bWorld Bank,
_cc1995.
300 _axii, 119 p. :
_bill., map ;
_c28 cm.
650 0 _aEnvironmental health
_zEurope, Central.
650 0 _aEnvironmental health
_zEurope, Eastern.
650 0 _aPollution
_zEurope, Central.
650 0 _aPollution
_zEurope, Eastern.
710 2 _aEnvironmental Action Programme for Central and Eastern Europe.
942 _2lcc
_cBK
_n0
999 _c2881
_d2881